000
00299nam a22001337a 4500
008
170411b xxu||||| |||| 00| 0 eng d
020
_a
0838504448
041
_a
eng
080
_a
616
100
_a
9
101
_a
SHM
245
_a
ATLAS OF KNEE MENISCI PATHOLOGIC
_c
PAVLOV.H
942
_2
udc
_c
BK
999
_c
10294
_d
10294